Colombia Country Quiz - Statistics

General Stats
  • This quiz has been taken 4,452 times
    4,420 since last reset
  • The average score is 14 of 22
Answer Stats
Hint Answer % Correct
Official language Spanish
98%
Largest city Bogotá
95%
Currency Peso
95%
Bordering country Brazil
94%
Bordering country Venezuela
94%
Bordering country Ecuador
92%
Bordering country Peru
92%
Bordering country Panama
90%
Female singer of "Waka Waka" Shakira
87%
Person after whom Colombia is named Christopher Columbus
81%
Infamous drug lord killed in 1993 Pablo Escobar
80%
2nd largest city Medellín
78%
Term for a drug-trafficking organization Cartel
75%
3rd largest city Cali
60%
Main export Oil
49%
Author of "One Hundred Years of Solitude" Gabriel García Márquez
42%
Famously golden-haired footballer in the 1990s Carlos Valderrama
29%
National airline Avianca
26%
Kingdom that Colombia was part of until independence New {Granada}
25%
Longest river Magdalena
18%
Traditional colourful minibus of rural Colombia Chiva
13%
World's most densely populated island Santa Cruz del Islote
7%
No matching quizzes found
Score Distribution
Percent of People with Each Score
Percentile by Number Answered
Your Score History
You have not taken this quiz since the last reset